Foro: ponencias y conclusiones /

Salvato in:
Dettagli Bibliografici
Enti autori: Banco Popular y de Desarrollo Comunal, Asamblea de Trabajadores del Banco Popular y de Desarrollo Comunal
Natura: testo
Pubblicazione: San José: Banco Popular y de Desarrollo Comunal
Tags: Aggiungi Tag
Nessun Tag, puoi essere il primo ad aggiungerne!!

MARC

LEADER 00000 a a2200000 04500
001 31774
003
040
090 |a 198600  
110 |a Banco Popular y de Desarrollo Comunal  
245 |a Foro: ponencias y conclusiones /  |c Banco Popular y de Desarrollo Comunal  
260 |a San José:   |b Banco Popular y de Desarrollo Comunal  
300 |a 70 p.   |b il.  
710 |a Asamblea de Trabajadores del Banco Popular y de Desarrollo Comunal  
999 |c 2975  |d 2975